Welcome to CU Library Online Public Access Catalogue (OPAC)

The Dialogic Imagination (Record no. 9575)

MARC details
000 -LEADER
fixed length control field 00525nam a22001577a 4500
005 - DATE AND TIME OF LATEST TRANSACTION
control field 20260422193630.0
008 - FIXED-LENGTH DATA ELEMENTS--GENERAL INFORMATION
fixed length control field 260422b |||||||| |||| 00| 0 eng d
020 ## - INTERNATIONAL STANDARD BOOK NUMBER
International Standard Book Number 9780292715349
050 ## - LIBRARY OF CONGRESS CALL NUMBER
Classification number PN3331
Item number .B2513
100 ## - MAIN ENTRY--PERSONAL NAME
Personal name Bakhtin, M. M.
245 ## - TITLE STATEMENT
Title The Dialogic Imagination
Remainder of title four essays
Statement of responsibility, etc. M. M. Bakhtin, edited by Michael Holquist, translated by Caryl Emerson & Michael Holquist
260 ## - PUBLICATION, DISTRIBUTION, ETC.
Place of publication, distribution, etc. Austin
Name of publisher, distributor, etc. University of Texas Press
Date of publication, distribution, etc. 1981
300 ## - PHYSICAL DESCRIPTION
Extent xxxiii. 443p.
Dimensions 23cm
700 ## - ADDED ENTRY--PERSONAL NAME
Personal name Holquist, Michael
942 ## - ADDED ENTRY ELEMENTS (KOHA)
Source of classification or shelving scheme Library of Congress Classification
Koha item type Books
Suppress in OPAC No
999 ## -
-- 9575
-- 9575
Holdings
Withdrawn status Lost status Source of classification or shelving scheme Damaged status Not for loan Collection Home library Current library Shelving location Date acquired Total checkouts Full call number Barcode Date last seen Copy number Price effective from Koha item type
    Library of Congress Classification     Non-fiction Business Library (Miotso) Business Library (Miotso) General stacks 04/22/2026   PN3331 .B2513 BAK BSSM00003659 04/22/2026 1 04/22/2026 Books
    Library of Congress Classification     Non-fiction Business Library (Miotso) Business Library (Miotso) General stacks 04/22/2026   PN3331 .B2513 BAK BSSM00003660 04/22/2026 2 04/22/2026 Books
    Library of Congress Classification     Non-fiction Business Library (Miotso) Business Library (Miotso) General stacks 04/22/2026   PN3331 .B2513 BAK BSSM00003661 04/22/2026 3 04/22/2026 Books
    Library of Congress Classification     Non-fiction Business Library (Miotso) Business Library (Miotso) General stacks 04/22/2026   PN3331 .B2513 BAK BSSM00003662 04/22/2026 4 04/22/2026 Books
    Library of Congress Classification     Non-fiction Business Library (Miotso) Business Library (Miotso) General stacks 04/22/2026   PN3331 .B2513 BAK BSSM00003663 04/22/2026 5 04/22/2026 Books
    Library of Congress Classification     Non-fiction Business Library (Miotso) Business Library (Miotso) General stacks 04/22/2026   PN3331 .B2513 BAK BSSM00003664 04/22/2026 6 04/22/2026 Books
© 2023-2024 Copyright: Central University Libraries. All Rights Reserved | Created by: Mahone Tech Office